Obchodné podnikanie a jeho postavenie na trhu vysokoškolského vzdelávania

Produkt ako základný nástroj marketingového mixu vysokých škôl s cieľom identifikácie postavenia študijného odboru Obchodné podnikanie v sústave odborov vied a v konkurenčnom prostredí trhu vysokoškolského vzdelávania na Slovensku. Potreba neustálej analýzy marketingového prostredia vysokej školy a...

ver descrição completa

Na minha lista:
Detalhes bibliográficos
Autor principal: Jurková, Jana
Formato: Capítulo de Livro
Idioma:eslovaco
Assuntos:
Tags: Adicionar Tag
Sem tags, seja o primeiro a adicionar uma tag!

MARC

LEADER 00000nla$a2200000$$$4500
001 0087460
005 20240502072000.2
041 0 |a slo 
044 |a SK 
245 1 0 |a Obchodné podnikanie a jeho postavenie na trhu vysokoškolského vzdelávania  |c Jana Jurková 
520 |a Produkt ako základný nástroj marketingového mixu vysokých škôl s cieľom identifikácie postavenia študijného odboru Obchodné podnikanie v sústave odborov vied a v konkurenčnom prostredí trhu vysokoškolského vzdelávania na Slovensku. Potreba neustálej analýzy marketingového prostredia vysokej školy a nevyhnutnosť reflektovania nielen na potreby zákazníka - študenta, ale aj na potreby hospodárskej praxe a tiež spoločnosti do poskytovaného produktu, príslušného študijného odboru. Vývoj počtu študentov ekonomických vied, Obchodného podnikania. 
610 2 0 |a školy vysoké 
610 2 0 |a vzdelávanie 
610 2 0 |a marketing 
610 2 0 |a marketing mix 
610 2 0 |a produkty 
610 2 0 |a odbory študijné 
610 2 0 |a podnikanie obchodné 
100 1 |a Jurková, Jana